Marauders era's friends groups (canon and fanon) - Statistics

General Stats
  • This quiz has been taken 272 times
    58 since last reset
  • The average score is 2 of 5
Answer Stats
Hint Answer % Correct
James PotterRemus Lupin Sirius Black Peter Pettigrew The Marauders
100%
Regulus BlackEvan Rosier Pandora Rosier Dorcas Meadowes Barty Crouch Jr The Slytherin Skittles
70%
Lily EvansMary Mcdonald Marlene Mckinnon Dorcas Meadowes The Valkyries
46%
Emmeline VanceEmma Vanity Amelia Bones Hestia Jones Xenophilius Lovegood Amos Diggory The Amethyst
8%
Severus SnapeCharity Burbage Bruce Mulciber Jr Aurora Sinistra Edmund Avery Jr The Snape Gang or The Trinkets
0%
No matching quizzes found
Score Distribution
Percent of People with Each Score
Percentile by Number Answered
Your Score History
You have not taken this quiz since the last reset